Statistics for Mario and Sonic at the Olympic Games Characters

Click here to take the quiz!

General Stats

  • This quiz has been taken 69 times
  • The average score is 13 of 16

Answer Stats

Character% Correct
Mario
100%
Sonic
100%
Bowser
94%
Luigi
94%
Tails
91%
Knuckles
89%
Peach
87%
Shadow
87%
Amy
83%
Daisy
81%
Dr. Eggman
81%
Yoshi
79%
Wario
72%
Vector
70%
Waluigi
70%
Blaze
66%

Score Distribution

Percentile by Number Answered

Percent of People with Each Score

Your Score History

You have not taken this quiz